| 000 | 00793na a2200265 4500 | ||
|---|---|---|---|
| 001 | 24089 | ||
| 003 | MIRAKIL | ||
| 005 | 20181213155330.0 | ||
| 008 | 180418b tu 000 0 | ||
| 020 | _a9789944337 | ||
| 040 |
_aMilas _btur _cTR-AnCHP |
||
| 041 | _atur | ||
| 082 |
_a923.2 Arınç,B. _bP69m 2007 |
||
| 090 | _a923.2 Arınç,B. P69m 2007 | ||
| 100 | _aPoyraz, Ergün | ||
| 245 |
_aMusa'nın mücahiti _cErgün Poyraz |
||
| 260 |
_aİstanbul _bTogan Yayıncılık _c2007 _fÇalış ofset |
||
| 300 |
_a222 s. _c21 sm. |
||
| 440 |
_aTogan yayınları _v09 |
||
| 490 |
_aAraştırma İnceleme _v09 |
||
| 600 |
_aArınç, Bülent _d1948- _xYaşamöyküsü |
||
| 650 |
_aSiyasetçiler _xYaşamöyküsü _xTürkiye |
||
| 650 |
_aSiyaset ve yönetim _xTürkiye |
||
| 942 |
_2dcc _cBKS |
||
| 999 |
_c10661 _d10661 |
||